000 00422cam a2200169ua 4500
001 12217
008 200311n ii |||gr||||Z||||||eng
020 _a9789381052563
040 _cMAIN
082 _a370.1
100 _aPrakash Dutta,
_eAuthor.
245 _aTextbook of educational administration
_cBy Prakash Dutta
260 _aDelhi:
_bWisdom press,
_c2017.
300 _a274p.
653 _aEducation
942 _cBK
999 _c10977
_d10977